José Martí

Αποθηκεύτηκε σε:
Λεπτομέρειες βιβλιογραφικής εγγραφής
Κύριος συγγραφέας: Marinello Vidaurreta, Juan (autor)
Μορφή: Βιβλίο
Γλώσσα:Ισπανικά
Έκδοση: Madrid Jucar 1976
Έκδοση:2a. ed
Σειρά:Colección los Poetas
Θέματα:
Ετικέτες: Προσθήκη ετικέτας
Δεν υπάρχουν, Καταχωρήστε ετικέτα πρώτοι!

MARC

LEADER 00000nam a2200000 a 4500
001 UCO4774
003 CL-VaPUC
008 000811e19760000SP |||||||||||||||||spa|d
082 0 4 |a Cu861.09  |b MAR  |2 21 
100 |a Marinello Vidaurreta, Juan  |e autor  |9 449407 
245 1 0 |a José Martí 
250 |a 2a. ed 
300 |a 227 p 
942 |c BK 
945 |d 20000811 00:00:00  |a crobeson 
260 |a Madrid  |b Jucar  |c 1976 
600 0 |a Martí, José,   |d 1853-1895  |9 475873 
650 7 |a POESIA CUBANA  |2 CL-VaPUC  |9 376917 
650 0 |a Literatura cubana  |9 315048 
650 0 |a Crítica e interpretación   |9 255042 
583 |a last modification  |c 20000811 00:00:00  |k Rodrigo Vera 
490 0 |a Colección los Poetas 
999 |c 290769  |d 290767 
952 |0 0  |1 0  |4 0  |6 CU_861_090000000000000_MAR_1976  |7 0  |8 A  |9 340341  |a BIBART  |b BIBART  |d 2019-11-20  |i 1215698  |o Cu861.09 MAR 1976  |p 1215698  |r 2025-03-13  |w 2019-11-20  |y BK  |k ART